[Event "Velammal-AICF Women GM 2019"]
[Site "Chennai"]
[Date "2019.01.31"]
[Round "5"]
[White "Divya Deshmukh"]
[Black "Varshini, V."]
[Result "1-0"]
[WhiteElo "2168"]
[BlackElo "2171"]
[Annotator "ChessBase"]
[PlyCount "107"]
[EventDate "2019.01.28"]
[EventType "swiss"]
[EventCountry "IND"]
[SourceTitle "playchess.com"]
[Source "ChessBase"]
[SourceQuality "1"]
[TimeControl "5400+30"]

1. e4 {[%emt 0:00:00]} c5 {[%emt 0:00:00]} 2. Nf3 {[%emt 0:00:00]} d6 {[%emt 0:00:05]} 3. d4 {[%emt 0:00:00]} cxd4 {[%emt 0:00:04]} 4. Nxd4 {[%emt 0:00:00]} Nf6 {[%emt 0:00:06]} 5. Nc3 {[%emt 0:00:00]} a6 {[%emt 0:00:03]} 6. Bg5 {[%emt 0:00:00]} e6 {[%emt 0:00:27]} 7. f4 {[%emt 0:00:02]} Be7 {[%emt 0:00:05]} 8. Qf3 {[%emt 0:00:03]} Qc7 {[%emt 0:00:06]} 9. O-O-O {[%emt 0:00:05]} Nbd7 {[%emt 0:00:07]} 10. g4 {[%emt 0:00:04]} h6 {[%emt 0:00:57]} 11. Bh4 {[%emt 0:00:51]} g5 {[%emt 0:02:26]} 12. e5 gxh4 {[%emt 0:16:34]} 13. exf6 {[%emt 0:00:09]} Nxf6 {[%emt 0:00:06]} 14. g5 {[%emt 0:00:28]} hxg5 {[%emt 0:00:31]} 15. fxg5 {[%emt 0:00:03]} Nh7 {[%emt 0:01:33]} 16. g6 {[%emt 0:00:03]} fxg6 {[%emt 0:00:20]} 17. Bd3 {[%emt 0:00:22]} Nf8 {[%emt 0:02:18]} 18. Rhf1 Rh7 {[%emt 0:28:55]} 19. Rde1 {[%emt 0:09:50]} Qc5 {[%emt 0:08:06]} 20. Nxe6 {[%emt 0:06:27]} Bxe6 {[%emt 0:00:47]} 21. Rxe6 {[%emt 0:00:08]} O-O-O {[%emt 0:07:12]} 22. Re4 {[%emt 0:03:44]} Kb8 {[%emt 0:03:15]} 23. Kb1 {[%emt 0:00:20]} Nd7 {[%emt 0:01:30]} 24. Qh1 {[%emt 0:06:58]} Ne5 {[%emt 0:06:48]} 25. Be2 {[%emt 0:00:29]} Rc8 {[%emt 0:04:32]} 26. a3 {[%emt 0:01:10]} Qc6 {[%emt 0:02:12]} 27. Qg1 {[%emt 0:01:28]} Rhh8 {[%emt 0:02:42]} 28. Rb4 {[%emt 0:00:40]} Bd8 {[%emt 0:01:36]} 29. Bg4 {[%emt 0:06:56]} Nxg4 {[%emt 0:03:23]} 30. Qxg4 {[%emt 0:00:01]} Ba5 {[%emt 0:01:05]} 31. Rb3 {[%emt 0:00:03]} d5 {[%emt 0:06:06]} 32. Rf7 {[%emt 0:00:29]} Rc7 {[%emt 0:00:10]} 33. Qf4 {[%emt 0:00:54]} h3 {[%emt 0:01:04]} 34. Qe5 {[%emt 0:01:37]} Rd8 {[%emt 0:00:38]} 35. Rf6 {[%emt 0:00:18]} Qc4 {[%emt 0:00:52]} 36. Rxg6 {[%emt 0:00:26]} d4 {[%emt 0:00:44]} 37. Qxa5 {[%emt 0:00:19]} dxc3 {[%emt 0:00:23]} 38. bxc3 {[%emt 0:00:31]} Qf1+ {[%emt 0:00:33]} 39. Kb2 {[%emt 0:00:06]} Kc8 {[%emt 0:00:30]} 40. Rb4 {[%emt 0:02:04]} Qf2 {[%emt 0:00:21]} 41. Qe5 {[%emt 0:00:03]} Qc5 {[%emt 0:00:38]} 42. Qe6+ {[%emt 0:00:29]} Kb8 {[%emt 0:00:03]} 43. Qxh3 {[%emt 0:00:07]} Rdc8 {[%emt 0:01:02]} 44. Rb3 {[%emt 0:01:20]} a5 {[%emt 0:00:29]} 45. a4 {[%emt 0:00:03]} Qe5 {[%emt 0:00:11]} 46. Rgb6 {[%emt 0:00:26]} Rd8 {[%emt 0:00:50]} 47. Qg2 {[%emt 0:00:37]} Rd5 {[%emt 0:00:30]} 48. Qf3 {[%emt 0:00:34]} Ka7 {[%emt 0:00:30]} 49. h4 {[%emt 0:00:52]} Qh5 {[%emt 0:00:30]} 50. Qf2 {[%emt 0:01:48]} Kb8 {[%emt 0:00:26]} 51. Rf6 {[%emt 0:00:18]} Rd8 {[%emt 0:00:36]} 52. Rfb6 {[%emt 0:00:27]} Rd5 {[%emt 0:00:26]} 53. Qf8+ {[%emt 0:00:03]} Ka7 {[%emt 0:00:09]} 54. Ra6+ {[%emt 0:00:04]} 1-0

[Event "Velammal-AICF Women GM 2019"]
[Site "Chennai"]
[Date "2019.01.31"]
[Round "5"]
[White "Chandreyee, Hajra"]
[Black "Nakhbayeva, Guliskhan"]
[Result "0-1"]
[WhiteElo "1925"]
[BlackElo "2336"]
[Annotator "NA RC"]
[PlyCount "84"]
[EventDate "2019.01.28"]
[EventType "swiss"]
[EventCountry "IND"]
[SourceTitle "playchess.com"]
[Source "ChessBase"]
[SourceQuality "1"]
[TimeControl "5400+30"]

{[%evp 12,84,34,24,32767,32767,32767,32767,32767,32767,32767,32767,37,32767,33,0,0,-26,32767,110,81,92,32767,31,35,0,32767,-16,32767,32767,-72,-154,-158,-173,32767,-285,-306,-275,-212,-263,-201,-208,-212,-220,32767,32767,-204,-224,32767,-17,0,-101,-122,-147,-139,-225,-252,-316,-304,-294,-180,-226,-264,-218,-248,-1579,-1110,-1050,-29987,-29991,-29992,-29992,-29993,-29997,-281]} 1. e4 {[%emt 0:00:00]} e6 {[%emt 0:00:00]} 2. d4 {[%emt 0:00:00]} d5 {[%emt 0:00:00]} 3. exd5 {[%emt 0:00:00]} exd5 {[%emt 0:00:00]} 4. Nf3 {[%emt 0:00:00]} Nc6 {[%emt 0:00:15]} 5. c3 {[%emt 0:00:08]} ({Predecessor:} 5. Bd3 Bd6 6. O-O Nge7 7. Re1 Bg4 {0-1 (52) Berrou,M (2016)-Lahr,M (2006) Bad Vilbel 2010}) 5... Bd6 {[%emt 0:00:15]} 6. Bd3 {[%emt 0:00:07]} Bg4 $146 {[%emt 0:02:12]} (6... Nge7 7. O-O {½-½ (20) Martin Del Campo C,R (2374)-Hernandez Guerrero,G (2506) Mexico City 2016}) 7. O-O {[%emt 0:00:53]} Nge7 {[%emt 0:00:38]} 8. Re1 {[%emt 0:00:28]} Qd7 {[%emt 0:00:36]} 9. b4 {[%emt 0:00:23]} O-O-O {[%emt 0:03:27] C01: French: Exchange Variation} (9... O-O 10. Nbd2 Bf5 11. Nf1 a6 12. Ng3 Bxd3 13. Qxd3 Bxg3 14. hxg3 Rfe8 15. Bd2 Ng6 16. Rxe8+ Rxe8 17. Re1 Rxe1+ 18. Bxe1 f6 19. Bd2 Qe6 20. Qe3 Qxe3 {½-½ (20) Martin Del Campo C,R (2374)-Hernandez Guerrero,G (2506) Mexico City 2016}) 10. a4 {[%emt 0:00:12]} ({Predecessor:} 10. Be3 f5 11. a4 {0-1 (52) Berrou,M (2016)-Lahr,M (2006) Bad Vilbel 2010}) 10... Ng6 {[%emt 0:08:04]} 11. Be3 {[%emt 0:08:06]} f5 {[%emt 0:08:34]} 12. h3 {[%emt 0:06:06]} ({Predecessor:} 12. Be2 Rde8 13. a5 Bf4 14. b5 Nb8 15. Qd3 Bxe3 16. fxe3 f4 17. Bd1 {0-1 (52) Berrou,M (2016)-Lahr,M (2006) Bad Vilbel 2010}) 12... Bh5 $1 {[%emt 0:10:37]} 13. Qc2 {[%emt 0:03:49]} Rhf8 {[%emt 0:02:48]} 14. b5 {[%emt 0:10:21]} Nce7 {[%emt 0:10:31] [#]} (14... Na5 $11 {keeps the balance.} 15. Be2 Rde8) 15. Ne5 $1 {[%emt 0:03:18]} Bxe5 {[%emt 0:07:03]} 16. dxe5 {[%emt 0:00:08]} Kb8 {[%emt 0:02:42]} (16... f4 $16 17. Bd4 (17. Bxa7 Qe6 $16) 17... Qe6) 17. f4 {[%emt 0:02:06]} (17. Nd2 $16) 17... d4 $1 {[%emt 0:00:41]} 18. cxd4 {[%emt 0:07:43]} (18. Bc1 $1 $14) 18... Nxf4 {[%emt 0:02:26]} 19. Bc4 {[%emt 0:05:48]} Ne6 {[%emt 0:08:34]} 20. d5 {[%emt 0:07:57]} Nxd5 {[%emt 0:00:50]} 21. Bxd5 {[%emt 0:00:45]} (21. Bf2 $1 $15) 21... Qxd5 {[%emt 0:00:08]} 22. Qf2 {[%emt 0:02:20]} b6 {[%emt 0:01:46]} 23. a5 {[%emt 0:10:21] [#]} (23. Qa2 {keeps fighting.}) 23... f4 $1 {[%emt 0:01:38]} ({Less strong is} 23... Qxe5 24. Na3 $17) 24. Bc1 {[%emt 0:04:32]} Qd4 {[%emt 0:04:15]} 25. Ra2 {[%emt 0:03:37]} g5 {[%emt 0:01:43]} 26. axb6 {[%emt 0:00:47]} axb6 {[%emt 0:00:13]} 27. Ba3 {[%emt 0:03:33]} Rfe8 {[%emt 0:01:21]} 28. Qxd4 {[%emt 0:01:27]} Rxd4 29. Nc3 $1 $11 {[%emt 0:00:50]} Red8 {[%emt 0:05:37]} 30. Be7 {[%emt 0:02:06]} Re8 {[%emt 0:01:09]} 31. Bf6 {[%emt 0:00:45]} Kc8 {[%emt 0:05:16]} 32. Ne4 {[%emt 0:05:13]} h6 {[%emt 0:01:21]} 33. Bh8 {[%emt 0:03:21]} (33. Nc3 $17) 33... Kb7 {[%emt 0:02:14]} 34. Nf6 {[%emt 0:04:30]} Rxh8 {[%emt 0:00:04]} 35. Nxh5 {[%emt 0:00:07]} Ra8 {[%emt 0:01:43]} 36. Rc2 {[%emt 0:00:44]} Rb4 {[%emt 0:07:00]} 37. Rc6 {[%emt 0:01:14]} Nd4 {[%emt 0:00:03]} 38. Rxh6 $2 {[%emt 0:00:54]} (38. e6 Ra2 39. e7 Ne2+ 40. Kf1) 38... Ra2 {[%emt 0:00:14]} 39. Rd1 {[%emt 0:03:29]} f3 {[%emt 0:00:55]} 40. g4 {[%emt 0:01:11]} Rg2+ {[%emt 0:00:17]} 41. Kh1 {[%emt 0:00:32]} Rbb2 {[%emt 0:00:20]} 42. Rf6 {[%emt 0:00:32]} Rh2+ {[%emt 0:00:13] Double Attack} 0-1

[Event "Velammal-AICF Women GM 2019"]
[Site "Chennai"]
[Date "2019.01.31"]
[Round "6"]
[White "Osmak, Iulija"]
[Black "Munguntuul, Batkhuyag"]
[Result "1-0"]
[WhiteElo "2394"]
[BlackElo "2428"]
[Annotator "TA"]
[PlyCount "63"]
[EventDate "2019.01.28"]
[EventType "swiss"]
[EventCountry "IND"]
[SourceTitle "playchess.com"]
[Source "ChessBase"]
[SourceQuality "1"]

{[%evp 22,63,15,8,31,31,26,33,78,72,143,142,91,80,166,166,157,146,145,140,243,231,244,250,381,374,490,430,377,401,489,481,875,879,875,876,876,868,857,872,865,850,828,825]} 1. e4 c5 2. Nf3 e6 ({Predecessor:} 2... Nc6 3. d4 cxd4 4. Nxd4 Qc7 5. Nc3 e6 6. f4 a6 7. Nxc6 bxc6 {1-0 (27) Schmaltz,R (2547)-Varga,P (2486) France 2002}) 3. d4 cxd4 4. Nxd4 Nc6 5. Nc3 a6 $146 (5... Qc7 6. f4 a6 7. Nxc6 bxc6 {1-0 (31) Borisek,J (2565)-Matlakov,M (2689) Berlin 2015}) 6. Nxc6 bxc6 7. Bd3 Qc7 8. f4 d5 9. O-O (9. Qe2 Nf6 {1-0 (31) Borisek,J (2565)-Matlakov,M (2689) Berlin 2015}) ({Predecessor:} 9. Qe2 Nf6 {1-0 (27) Schmaltz,R (2547)-Varga,P (2486) France 2002}) 9... Nf6 10. Qe2 Bb7 (10... Be7 11. Bd2 {1-0 (31) Borisek,J (2565)-Matlakov,M (2689) Berlin 2015}) ({Predecessor:} 10... Be7 11. Bd2 {1-0 (27) Schmaltz,R (2547)-Varga,P (2486) France 2002}) 11. Bd2 Be7 12. Rae1 Nd7 {B46: Sicilian: Taimanov: 5 Nc3 a6} (12... c5 13. exd5 exd5 14. Na4 Kf8 15. c4 Re8 16. Nc3 d4 17. Nd1 h5 18. Nf2 Bd6 19. Qd1 Rxe1 20. Rxe1 Bxf4 21. Bxf4 Qxf4 {1-0 (31) Borisek,J (2565)-Matlakov,M (2689) Berlin 2015}) 13. Na4 O-O 14. c4 d4 {White is slightly better.} ({Predecessor:} 14... Nc5 15. Nxc5 Bxc5+ 16. Kh1 Bd4 17. cxd5 cxd5 18. e5 g6 19. Bb4 Rfc8 20. Bd6 Qb6 21. f5 exf5 22. Bxf5 Re8 23. Qf3 f6 24. Bxg6 Bxe5 25. Qh5 hxg6 26. Qxg6+ Kh8 27. Rf5 {1-0 (27) Schmaltz,R (2547)-Varga,P (2486) France 2002}) 15. e5 c5 {[#]} (15... g6 $142) 16. f5 $1 $16 exf5 17. Bxf5 Bc6 (17... Qc6 $16) 18. e6 $18 Nf6 19. exf7+ Rxf7 20. Be6 $36 {[%mdl 2048] White is in control.} Raf8 (20... Bd6 $16) 21. Bf4 (21. Bxf7+ $6 Rxf7 22. Bf4 Qb7 $16) 21... Qb7 {[#]} 22. b3 $1 (22. Bxf7+ $6 Rxf7 23. b3 Ne4 $16) 22... Ne4 (22... Bd7 {was worth a try.} 23. Bxf7+ {[%mdl 64] Discovered Attack} Rxf7) 23. Be5 Bg5 24. Rxf7 Rxf7 25. Rf1 {[%mdl 64] Pin} (25. Qg4 h5 $16) 25... Be8 26. Bf4 {White is clearly winning.} Bxa4 (26... Nc3 $142 27. Nxc3 Bxf4 28. Rxf4 {[%mdl 64] Pin} dxc3) 27. Bxf7+ Qxf7 28. Qxe4 Bxf4 29. Rxf4 Bc6 {[#]} 30. Qxh7+ $3 {[%mdl 512]} Kxh7 31. Rxf7 {KR-KB} Be4 32. Ra7 {Accuracy: White = 100%, Black = 12%.} 1-0

[Event "Velammal-AICF Women GM 2019"]
[Site "Chennai"]
[Date "2019.01.31"]
[Round "6"]
[White "Nakhbayeva, Guliskhan"]
[Black "Michelle Catherina, P."]
[Result "1-0"]
[WhiteElo "2336"]
[BlackElo "2175"]
[Annotator "NA"]
[PlyCount "91"]
[EventDate "2019.01.28"]
[EventType "swiss"]
[EventCountry "IND"]
[SourceTitle "playchess.com"]
[Source "ChessBase"]
[SourceQuality "1"]
[TimeControl "5400+30"]

1. d4 Nf6 {[%emt 0:02:37]} 2. c4 {[%emt 0:00:00]} e6 {[%emt 0:00:06]} 3. Nc3 {[%emt 0:00:00]} Bb4 {[%emt 0:00:09]} 4. e3 {[%emt 0:00:00]} O-O {[%emt 0:00:10]} 5. Bd3 {[%emt 0:00:00]} d5 {[%emt 0:00:05]} 6. cxd5 {[%emt 0:00:01]} exd5 {[%emt 0:02:38]} 7. Nge2 {[%emt 0:00:05]} Re8 {[%emt 0:07:20]} 8. O-O {[%emt 0:00:07]} a5 {[%emt 0:05:36]} 9. f3 {[%emt 0:03:09]} b6 {[%emt 0:07:02]} 10. a3 {[%emt 0:02:38]} Bxc3 {[%emt 0:02:28]} 11. bxc3 {[%emt 0:00:04]} Ba6 {[%emt 0:01:41]} 12. Ng3 {[%emt 0:08:05]} c5 {[%emt 0:04:31]} 13. Rb1 {[%emt 0:08:17]} Bxd3 {[%emt 0:09:26]} 14. Qxd3 {[%emt 0:00:09]} Nbd7 {[%emt 0:00:21]} 15. a4 {[%emt 0:01:34]} Rc8 {[%emt 0:05:10]} 16. Re1 $11 {[%emt 0:07:58]} h6 {[%emt 0:11:53]} 17. Bd2 {[%emt 0:05:20]} Qc7 {[%emt 0:05:38]} 18. Rbc1 {[%emt 0:00:37]} Qc6 {[%emt 0:04:15]} 19. e4 {[%emt 0:04:59]} cxd4 {[%emt 0:05:12]} 20. cxd4 {[%emt 0:00:05]} Qxa4 {[%emt 0:00:54]} 21. e5 {[%emt 0:01:58]} Nh7 {[%emt 0:06:48]} 22. Nf5 {[%emt 0:00:23]} Rxc1 {[%emt 0:01:50]} 23. Rxc1 {[%emt 0:00:04]} Ndf8 {[%emt 0:03:09]} 24. f4 {[%emt 0:02:27]} Qd7 {[%emt 0:07:23]} 25. h3 {[%emt 0:01:32]} a4 {[%emt 0:01:28]} 26. Nd6 {[%emt 0:01:57]} Ra8 {[%emt 0:02:41]} 27. Bb4 {[%emt 0:03:23]} Ng6 {[%emt 0:02:15]} 28. f5 {[%emt 0:11:45]} Ne7 {[%emt 0:00:24]} 29. Ba3 {[%emt 0:03:34]} Nc8 {[%emt 0:00:43]} 30. Qb5 {[%emt 0:06:14]} Qxb5 {[%emt 0:00:31]} 31. Nxb5 {[%emt 0:00:02]} Ng5 {[%emt 0:00:33]} 32. Nc7 {[%emt 0:01:01]} Rb8 {[%emt 0:00:28]} 33. Nxd5 {[%emt 0:00:06]} Kh7 {[%emt 0:00:31]} 34. Rc7 {[%emt 0:01:44]} b5 {[%emt 0:00:28]} 35. Bb4 {[%emt 0:02:59]} Nb6 {[%emt 0:00:29]} 36. Nxb6 {[%emt 0:01:44]} Rxb6 {[%emt 0:00:02]} 37. d5 {[%emt 0:01:40]} Ra6 {[%emt 0:00:45]} 38. Rc3 {[%emt 0:00:31]} g6 {[%emt 0:00:40]} 39. f6 {[%emt 0:01:04]} Ra8 {[%emt 0:00:36]} 40. h4 {[%emt 0:01:12]} Ne4 {[%emt 0:00:04]} 41. Re3 {[%emt 0:00:19]} Nd2 {[%emt 0:00:52]} 42. Bxd2 {[%emt 0:01:15]} a3 {[%emt 0:00:03]} 43. Re1 {[%emt 0:00:10]} a2 {[%emt 0:01:01]} 44. Ra1 {[%emt 0:00:11]} Kg8 {[%emt 0:00:14]} 45. d6 {[%emt 0:00:41]} Kf8 {[%emt 0:00:23]} 46. d7 {[%emt 0:00:07]} 1-0

[Event "Velammal-AICF Women GM 2019"]
[Site "Chennai"]
[Date "2019.01.31"]
[Round "6"]
[White "Uuriintuya, Uurtsaikh"]
[Black "Chandreyee, Hajra"]
[Result "1-0"]
[WhiteElo "2314"]
[BlackElo "1925"]
[Annotator "NA"]
[PlyCount "67"]
[EventDate "2019.01.28"]
[EventType "swiss"]
[EventCountry "IND"]
[SourceTitle "playchess.com"]
[Source "ChessBase"]
[SourceQuality "1"]
[TimeControl "5400+30"]

1. e4 {[%emt 0:00:00]} c6 {[%emt 0:00:00]} 2. c4 {[%emt 0:00:00]} d5 {[%emt 0:00:00]} 3. cxd5 {[%emt 0:00:00]} cxd5 {[%emt 0:00:00]} 4. exd5 {[%emt 0:00:00]} Nf6 {[%emt 0:00:00]} 5. Nc3 {[%emt 0:00:08]} Nxd5 {[%emt 0:00:04]} 6. Nf3 {[%emt 0:00:08]} Nc6 {[%emt 0:00:28]} 7. Bb5 {[%emt 0:00:04]} e6 {[%emt 0:01:50]} 8. O-O {[%emt 0:00:30]} Be7 {[%emt 0:00:38]} 9. d4 {[%emt 0:00:18]} O-O {[%emt 0:01:09]} 10. Re1 {[%emt 0:00:26]} Bd7 {[%emt 0:01:05]} 11. Bd3 {[%emt 0:00:34]} Bf6 {[%emt 0:00:47]} 12. Be4 {[%emt 0:12:46]} Nce7 {[%emt 0:04:59]} 13. Qd3 {[%emt 0:04:19]} g6 {[%emt 0:03:35]} 14. Bg5 {[%emt 0:06:24]} Bc6 {[%emt 0:03:17]} 15. h4 {[%emt 0:02:47]} h5 {[%emt 0:05:39]} 16. Ne5 {[%emt 0:10:27]} Bxg5 {[%emt 0:07:49]} 17. hxg5 {[%emt 0:02:32]} Nxc3 {[%emt 0:02:35]} 18. bxc3 {[%emt 0:02:25]} Bxe4 {[%emt 0:02:38]} 19. Qxe4 {[%emt 0:10:00]} Nf5 {[%emt 0:12:41]} 20. Qxb7 {[%emt 0:04:43]} Qxg5 {[%emt 0:02:39]} 21. Nxf7 {[%emt 0:01:14]} Qf6 {[%emt 0:01:08]} 22. Ne5 {[%emt 0:00:42]} Nxd4 {[%emt 0:01:38]} 23. Qb2 {[%emt 0:04:37]} Nf5 {[%emt 0:20:39]} 24. Nd7 {[%emt 0:02:05]} Qg5 {[%emt 0:00:47]} 25. Nxf8 {[%emt 0:00:09]} Nh4 {[%emt 0:00:15]} 26. Qb7 {[%emt 0:01:43]} Rxf8 {[%emt 0:00:09]} 27. Rxe6 {[%emt 0:10:36]} Nf3+ {[%emt 0:00:14]} 28. Kf1 {[%emt 0:00:09]} Nd2+ {[%emt 0:09:35]} 29. Ke1 {[%emt 0:00:11]} Nc4 {[%emt 0:01:35]} 30. Rd1 {[%emt 0:05:05]} Qf5 {[%emt 0:08:14]} 31. Re2 {[%emt 0:00:20]} Kh8 {[%emt 0:05:11]} 32. Qd5 {[%emt 0:00:55]} Qc8 {[%emt 0:03:04]} 33. Qd4+ {[%emt 0:00:29]} Kh7 {[%emt 0:01:04]} 34. Qd7+ {[%emt 0:00:18]} 1-0

[Event "Velammal-AICF Women GM 2019"]
[Site "Chennai"]
[Date "2019.01.31"]
[Round "6"]
[White "Babiy, Olga"]
[Black "Aakanksha Hagawane"]
[Result "1/2-1/2"]
[WhiteElo "2275"]
[BlackElo "2259"]
[Annotator "NA"]
[PlyCount "73"]
[EventDate "2019.01.28"]
[EventType "swiss"]
[EventCountry "IND"]
[SourceTitle "playchess.com"]
[Source "ChessBase"]
[SourceQuality "1"]
[TimeControl "5400+30"]

1. e4 {[%emt 0:00:00]} e6 {[%emt 0:00:00]} 2. d4 {[%emt 0:00:00]} d5 {[%emt 0:00:00]} 3. Nc3 {[%emt 0:00:00]} Nf6 {[%emt 0:00:00]} 4. e5 {[%emt 0:00:00]} Nfd7 {[%emt 0:00:00]} 5. f4 {[%emt 0:00:09]} c5 {[%emt 0:00:00]} 6. Nf3 {[%emt 0:00:07]} Nc6 {[%emt 0:00:00]} 7. Be3 {[%emt 0:00:06]} a6 {[%emt 0:00:21]} 8. Qd2 {[%emt 0:00:45]} b5 {[%emt 0:00:04]} 9. dxc5 {[%emt 0:03:09]} Bxc5 {[%emt 0:00:30]} 10. Bd3 {[%emt 0:01:41]} Qb6 {[%emt 0:06:00]} 11. Bf2 {[%emt 0:00:08]} Bb7 {[%emt 0:04:10]} 12. O-O {[%emt 0:01:27]} Bxf2+ {[%emt 0:02:18]} 13. Qxf2 {[%emt 0:00:17]} Qxf2+ {[%emt 0:01:54]} 14. Kxf2 {[%emt 0:00:07]} Ke7 {[%emt 0:01:05]} 15. Ne2 {[%emt 0:04:54]} f6 {[%emt 0:04:52]} 16. exf6+ {[%emt 0:08:00]} gxf6 {[%emt 0:01:07]} 17. Rad1 {[%emt 0:01:10]} Rad8 {[%emt 0:04:31]} 18. Rfe1 {[%emt 0:03:32]} Nc5 {[%emt 0:04:34]} 19. Ned4 {[%emt 0:03:23]} Nxd4 {[%emt 0:03:24]} 20. Nxd4 {[%emt 0:00:19]} Ne4+ {[%emt 0:01:01]} 21. Bxe4 {[%emt 0:07:02]} dxe4 {[%emt 0:00:03]} 22. Ke3 {[%emt 0:00:25]} f5 {[%emt 0:06:26]} 23. a4 {[%emt 0:10:24]} b4 {[%emt 0:06:48]} 24. a5 {[%emt 0:03:51]} Rd5 {[%emt 0:03:54]} 25. Nb3 {[%emt 0:09:25]} Rc8 {[%emt 0:02:56]} 26. Rxd5 {[%emt 0:05:58]} Bxd5 {[%emt 0:00:30]} 27. Nd4 {[%emt 0:00:34]} Rg8 {[%emt 0:04:15]} 28. g3 {[%emt 0:03:26]} h5 {[%emt 0:01:40]} 29. Rd1 {[%emt 0:02:57]} Kf6 {[%emt 0:04:31]} 30. Ne2 {[%emt 0:03:23]} h4 {[%emt 0:08:06]} 31. gxh4 {[%emt 0:06:24]} Rh8 {[%emt 0:06:36]} 32. Rd4 {[%emt 0:00:31]} Rxh4 {[%emt 0:01:02]} 33. Rxb4 {[%emt 0:00:06]} Rh3+ {[%emt 0:02:57]} 34. Kd4 {[%emt 0:02:32]} Rxh2 {[%emt 0:00:26]} 35. Ke3 {[%emt 0:01:14]} Rh3+ {[%emt 0:07:55]} 36. Kd4 {[%emt 0:00:02]} Rh2 {[%emt 0:00:47]} 37. Ke3 {[%emt 0:00:05]} 1/2-1/2

[Event "Velammal-AICF Women GM 2019"]
[Site "Chennai"]
[Date "2019.01.31"]
[Round "6"]
[White "Varshini, V."]
[Black "Sapale Saloni"]
[Result "1/2-1/2"]
[WhiteElo "2171"]
[BlackElo "2198"]
[Annotator "NA"]
[PlyCount "62"]
[EventDate "2019.01.28"]
[EventType "swiss"]
[EventCountry "IND"]
[SourceTitle "playchess.com"]
[Source "ChessBase"]
[SourceQuality "1"]
[TimeControl "5400+30"]

1. e4 {[%emt 0:00:00]} e6 {[%emt 0:00:00]} 2. d4 {[%emt 0:00:00]} d5 {[%emt 0:00:04]} 3. Nd2 {[%emt 0:00:00]} Nf6 {[%emt 0:00:10]} 4. e5 {[%emt 0:00:00]} Nfd7 {[%emt 0:00:08]} 5. Bd3 {[%emt 0:00:06]} c5 {[%emt 0:00:08]} 6. c3 {[%emt 0:00:04]} Nc6 {[%emt 0:00:06]} 7. Ne2 {[%emt 0:00:41]} cxd4 {[%emt 0:00:09]} 8. cxd4 {[%emt 0:00:04]} f6 9. exf6 {[%emt 0:00:19]} Nxf6 {[%emt 0:00:16]} 10. Nf3 {[%emt 0:01:17]} Bd6 {[%emt 0:00:09]} 11. O-O {[%emt 0:02:01]} Qc7 {[%emt 0:00:08]} 12. h3 {[%emt 0:00:12]} O-O {[%emt 0:00:10]} 13. Be3 {[%emt 0:01:32]} Bd7 {[%emt 0:00:13]} 14. Rc1 {[%emt 0:03:32]} Be8 {[%emt 0:00:25]} 15. Ng5 {[%emt 0:02:50]} Qe7 {[%emt 0:00:26]} 16. f4 {[%emt 0:01:26]} Rd8 {[%emt 0:03:57]} 17. Nc3 {[%emt 0:30:02]} h6 {[%emt 0:02:15]} 18. Nf3 $11 {[%emt 0:00:22]} Nh5 {[%emt 0:00:15]} 19. Ne5 {[%emt 0:00:48]} Ng3 {[%emt 0:00:37]} 20. Rf2 {[%emt 0:04:22]} Nf5 {[%emt 0:02:16]} 21. Bxf5 {[%emt 0:00:31]} Rxf5 {[%emt 0:00:07]} 22. Qe2 {[%emt 0:09:04]} a6 {[%emt 0:18:34]} 23. Qd3 {[%emt 0:05:40]} Bxe5 {[%emt 0:03:51]} 24. fxe5 {[%emt 0:00:09]} Bg6 {[%emt 0:00:47]} 25. Rxf5 {[%emt 0:00:55]} Bxf5 {[%emt 0:00:07]} 26. Qe2 {[%emt 0:01:17]} Qh4 {[%emt 0:01:41]} 27. Qf2 {[%emt 0:02:52]} Qxf2+ {[%emt 0:05:58]} 28. Bxf2 {[%emt 0:00:19]} Nb4 {[%emt 0:00:11]} 29. Na4 {[%emt 0:09:43]} Rf8 {[%emt 0:12:08]} 30. Rc7 {[%emt 0:03:43]} Rf7 {[%emt 0:00:44]} 31. Rxf7 {[%emt 0:02:11]} Kxf7 {[%emt 0:00:12]} 1/2-1/2